00821nam a22001935i 4500001000700000003000900007005001700016008004100033040002000074100003500094245020300129260005300332300007500385650001500460700003100475700003500506752002700541852005900568157764ES-MaACL20250930063136.0040819s1778 gw a |||| | ger d aCAM bspa cCAM0 aLinné, Carl von, d1707-177810aDes Ritters Carl von Linne' ... Natursystem des Mineralreichs b: nach der zwolsten lateinischen Ausgabe in einer freyen und vermehrten Uebersestung von Johann Friedrich Gmelin ...; Dritter Theil... aNurnberg : bvey Gabriel Nicolaus Raspe, c1778. a[18], 486, [2] en bl., [3] h. de grab., [3] h. pleg. de grab. ; c8º. 4aMinerales.11aGmelin, Johann Friederich.11aRaspe, Gabriel Nicolaus, eed. aAlemania - dNuremberg aES-MaACLjR-817-20 z-- Enc. piel xOlim: G-2879-82